Presentation skills for the upwardly mobile : a guide for young executives

Bibliographic Details
Main Author: Townsend, Roz
Format: Book
Published: New Delhi : Olivannan Gopalakrishnan , 2006
Subjects:

MARC

LEADER 00000cam a2200000 7i4500
001 0000037782
005 20131017.0
008 131017
020 |a 8179661873 
090 0 0 |a 658.452   |b TOW 
100 1 |a Townsend, Roz 
245 1 0 |a Presentation skills for the upwardly mobile :   |b a guide for young executives   |c Roz Townsend 
260 |a New Delhi :   |b Olivannan Gopalakrishnan ,   |c 2006 
650 0 |a Business presentation 
650 0 |a Young executives 
999 |a 0001243928   |b Book   |c Adult Collection   |e Perbadanan Perpustakaan Awam Johor